UNESCO World Heritage City Picture Quiz - Statistics

General Stats
  • This quiz has been taken 108 times
  • The average score is 16 of 25
Answer Stats
Picture Hint Answer % Correct
Czechia Prague
98%
Israel Jerusalem
96%
Turkey Istanbul
94%
Austria Vienna
92%
Italy Florence
90%
Peru Lima
90%
Poland Kraków
87%
Poland Warsaw
86%
Croatia Dubrovnik
82%
Switzerland Bern
81%
Estonia Tallinn
80%
United Kingdom Bath
76%
Ecuador Quito
74%
Austria Salzburg
71%
Peru Cuzco
65%
Bolivia Sucre
65%
Canada Quebec City
60%
Italy Naples
52%
Chile Valparaíso
43%
China Macau
36%
Brazil Salvador
36%
Bolivia Potosí
27%
Spain Salamanca
25%
Czechia Český Krumlov
20%
Germany Lübeck
18%
No matching quizzes found
Score Distribution
Percent of People with Each Score
Percentile by Number Answered
Your Score History
You have not taken this quiz